[Event "Sparkassen-Open A"]
[Site "Heusenstamm, Martinsee"]
[Date "2024.11.22"]
[Round "3.50"]
[White "Blomer, Moritz"]
[Black "Dörr, Tarik"]
[Result "1/2-1/2"]
[WhiteElo "1890"]
[BlackElo "2056"]
[PlyCount "135"]
[EventDate "2024.11.21"]
[WhiteTeam "SG Porz e. V."]
[BlackTeam "SC Einrich e.V."]

1. e4 e6 2. d3 d5 3. Nd2 Nc6 4. c3 Nf6 5. Ngf3 dxe4 6. dxe4 Bc5 7. Be2 O-O 8. O-O a5 9. a4 b6 10. Qc2 Bb7 11. Nb3 Be7 12. Rd1 Qc8 13. Bg5 h6 14. Bxf6 Bxf6 15. Nbd4 Nxd4 16. cxd4 c5 17. dxc5 Be7 18. Ne5 Bxc5 19. Rac1 Rd8 20. Bb5 Qc7 21. Nd7 Rac8 22. Nxc5 bxc5 23. f3 Rd6 24. Qc4 Rcd8 25. Rxd6 Rxd6 26. Qc2 Rd4 27. Rd1 Qd6 28. Rc1 g5 29. Qf2 Qf4 30. Re1 Qd6 31. Qg3 e5 32. h4 f6 33. hxg5 hxg5 34. Rc1 Rd1+ 35. Rxd1 Qxd1+ 36. Kh2 Bc8 37. Bc4+ Kf8 38. Qf2 Qd4 39. Qxd4 cxd4 40. Kg1 Ke7 41. Kf2 Be6 42. Bd3 Kd6 43. b4 axb4 44. Ke2 Kc5 45. a5 Bd7 46. Kd2 Bb5 47. a6 Bc6 48. Kc2 Ba4+ 49. Kb2 Kb6 50. Bc4 Bd7 51. Kb3 Bc8 52. Kxb4 g4 53. fxg4 Bxg4 54. a7 Kxa7 55. Kc5 Bc8 56. Kd5 Kb6 57. Kd6 Ba6 58. Bb3 d3 59. Ke6 Kc5 60. Kxf6 Kd4 61. g4 Kxe4 62. g5 d2 63. g6 Bc4 64. Bxc4 d1=Q 65. g7 Qf3+ 66. Ke7 Qa3+ 67. Kf6 Qf3+ 68. Ke7 1/2-1/2

[Event "Sparkassen-Open A"]
[Site "Heusenstamm, Martinsee"]
[Date "2024.11.22"]
[Round "3.51"]
[White "Longo, Massimo"]
[Black "Carrella, Adriano"]
[Result "1-0"]
[WhiteElo "2058"]
[BlackElo "1922"]
[PlyCount "51"]
[EventDate "2024.11.21"]
[WhiteTeam "SK Gräfelfing"]
[BlackTeam "SC ML Kastellaun"]

1. d4 Nf6 2. Nc3 d5 3. Bf4 e6 4. e3 a6 5. g4 Bd6 6. Qf3 b5 7. g5 Nfd7 8. Qg3 Nb6 9. Nf3 b4 10. Nd1 Nc6 11. Bd3 Bb7 12. h4 Qe7 13. b3 O-O-O 14. Nb2 f6 15. Bxd6 Rxd6 16. gxf6 gxf6 17. O-O-O Kb8 18. Rhg1 Rd7 19. h5 Rf8 20. h6 Nd8 21. Qh3 Rf7 22. Rg8 c5 23. dxc5 Qxc5 24. Qxe6 Bc8 25. Rxd8 Rfe7 26. Rxc8+ 1-0

[Event "Sparkassen-Open A"]
[Site "Heusenstamm, Martinsee"]
[Date "2024.11.22"]
[Round "3.52"]
[White "Piotraschke, Jens"]
[Black "Voss, Georg"]
[Result "1-0"]
[WhiteElo "2056"]
[BlackElo "1913"]
[PlyCount "67"]
[EventDate "2024.11.21"]
[WhiteTeam "TuS Coswig 1920"]
[BlackTeam "SV Meschede e. V."]

1. d4 d5 2. Nf3 Nf6 3. c4 e6 4. g3 Be7 5. Bg2 O-O 6. O-O c6 7. Qc2 Re8 8. Nbd2 a5 9. e4 dxc4 10. Nxc4 b5 11. Nce5 Bb7 12. Bg5 h6 13. Bxf6 Bxf6 14. Rfd1 Qb6 15. Rac1 Rd8 16. Qe2 Be7 17. Nd3 Na6 18. Nfe5 Rac8 19. Qh5 Rf8 20. Nd7 Qa7 21. Nxf8 Rxf8 22. Nc5 Nxc5 23. dxc5 Ba6 24. b3 b4 25. Bf1 Bxf1 26. Kxf1 Bf6 27. Qe2 Bc3 28. Qc4 a4 29. Rd6 axb3 30. axb3 Qa3 31. Rcd1 e5 32. Rd8 Qb2 33. Rxf8+ Kxf8 34. Rd7 1-0

[Event "Sparkassen-Open A"]
[Site "Heusenstamm, Martinsee"]
[Date "2024.11.22"]
[Round "3.53"]
[White "Rosenberger, Frank"]
[Black "Gundel, Julian"]
[Result "1-0"]
[WhiteElo "2055"]
[BlackElo "1912"]
[PlyCount "37"]
[EventDate "2024.11.21"]
[WhiteTeam "SK 1980 Gernsheim"]
[BlackTeam "SV Königsspringer 1929 Großauhei"]

1. e4 g6 2. d4 Bg7 3. Nc3 c6 4. Be3 d5 5. Nf3 Bg4 6. h3 Bxf3 7. Qxf3 dxe4 8. Nxe4 Bxd4 9. O-O-O Bxe3+ 10. Qxe3 Qb6 11. Qc3 f6 12. Nc5 e5 13. Bc4 Ke7 14. Bxg8 Rxg8 15. Qc4 Kf8 16. Rd7 Nxd7 17. Nxd7+ Ke7 18. Nxb6 axb6 19. Qb4+ 1-0

[Event "Sparkassen-Open A"]
[Site "Heusenstamm, Martinsee"]
[Date "2024.11.22"]
[Round "3.54"]
[White "Peter, Laurenz"]
[Black "Müller, Riyanna"]
[Result "1-0"]
[WhiteElo "1879"]
[BlackElo "2049"]
[PlyCount "75"]
[EventDate "2024.11.21"]
[WhiteTeam "Sportgemeinschaft Kaarst 1912/35"]
[BlackTeam "SC Landskrone"]

1. d4 d5 2. Nf3 Nf6 3. c4 dxc4 4. g3 e6 5. Bg2 Nbd7 6. O-O Be7 7. a4 a5 8. Nbd2 Nb6 9. Qc2 O-O 10. Nxc4 Nxc4 11. Qxc4 b6 12. Ne5 Ba6 13. Qc2 Nd5 14. Nc6 Qd7 15. Bd2 Rac8 16. Rfc1 Bxe2 17. Re1 Bd3 18. Nxe7+ Nxe7 19. Qxd3 c5 20. Bc3 Rfd8 21. Red1 Nc6 22. Qb5 Nxd4 23. Bxd4 Qxb5 24. axb5 Rxd4 25. Rxd4 cxd4 26. Bc6 Kf8 27. Kf1 Ke7 28. Ke2 Kd6 29. Rc1 e5 30. Kd3 g5 31. g4 h5 32. h3 hxg4 33. hxg4 Rh8 34. Be4 Rh3+ 35. f3 Rh2 36. Rc6+ Kd7 37. b3 Rb2 38. Bd5 1-0

[Event "Sparkassen-Open A"]
[Site "Heusenstamm, Martinsee"]
[Date "2024.11.22"]
[Round "3.55"]
[White "Winand, Edgar"]
[Black "Schlößner, Henrik"]
[Result "1-0"]
[WhiteElo "1878"]
[BlackElo "2049"]
[PlyCount "81"]
[EventDate "2024.11.21"]
[WhiteTeam "SF Frankfurt 1921"]
[BlackTeam "SK Gründau"]

1. g4 d5 2. Bg2 c6 3. h3 e5 4. d3 Bc5 5. Nf3 Qc7 6. Nc3 Be6 7. e4 Ne7 8. O-O Nd7 9. d4 exd4 10. Nxd4 O-O-O 11. Be3 Bxd4 12. Bxd4 h5 13. g5 f6 14. Qe2 Ng6 15. exd5 Nf4 16. Qe3 cxd5 17. Nb5 Nxg2 18. Kxg2 Qa5 19. Nxa7+ Kc7 20. Qxe6 Rhe8 21. b4 Qxa7 22. Qxe8 Qxd4 23. Qe7 fxg5 24. Qxg5 Nf6 25. Qg3+ Kc8 26. c3 Qc4 27. Rfd1 g5 28. Rd4 Qc6 29. Qd3 g4 30. h4 Rf8 31. Rf1 b5 32. f3 Re8 33. Rf2 gxf3+ 34. Rxf3 Ne4 35. Rxd5 Qg6+ 36. Rg5 Qa6 37. Rg7 Qxa2+ 38. Kf1 Qe6 39. Rff7 Nf6 40. Rc7+ Kb8 41. Qxb5+ 1-0

[Event "Sparkassen-Open A"]
[Site "Heusenstamm, Martinsee"]
[Date "2024.11.22"]
[Round "3.56"]
[White "Steigleder, Maximilian"]
[Black "Özdemir, Ali Özden"]
[Result "0-1"]
[WhiteElo "1873"]
[BlackElo "2043"]
[PlyCount "128"]
[EventDate "2024.11.21"]
[WhiteTeam "Sfr.1932 Kelkheim"]
[BlackTeam "SK Langen"]

1. e4 c5 2. c3 d5 3. exd5 Qxd5 4. d4 g6 5. Nf3 Bg7 6. Nbd2 cxd4 7. Bc4 Qd8 8. cxd4 Nh6 9. Nb3 O-O 10. O-O Nd7 11. Nc5 Nf6 12. Ne5 Nf5 13. Be3 Nd6 14. Bb3 b6 15. Qf3 Bf5 16. Nb7 Nxb7 17. Qxb7 Be4 18. Nc6 Qd6 19. Rac1 e6 20. Bd2 Ng4 21. g3 Qxd4 22. Qxa8 Rxa8 23. Nxd4 Bxd4 24. Rc4 Ne5 25. Rxd4 Nf3+ 26. Kg2 Nxd4+ 27. f3 Bb7 28. Bc3 Rd8 29. Ba4 Nxf3 30. Rd1 Ng5+ 31. Kf1 Rxd1+ 32. Bxd1 Ne4 33. Bd4 f6 34. Bc2 e5 35. Bxe4 Bxe4 36. Bf2 Kf7 37. a4 Ke6 38. a5 bxa5 39. Bxa7 a4 40. Ke2 Kf5 41. Bc5 Bg2 42. Kf2 Bc6 43. Ke3 Ke6 44. h4 Kf7 45. Bd6 h6 46. Bb8 g5 47. hxg5 hxg5 48. Bc7 Ke6 49. Bb6 f5 50. Bd8 f4+ 51. gxf4 gxf4+ 52. Kf2 Kf5 53. Bc7 Ke4 54. Bb8 Kf5 55. Bc7 e4 56. Bb6 Ke6 57. Ke2 Bb5+ 58. Kf2 Be8 59. Bc7 Kf5 60. Bb6 Bh5 61. Ba7 Ke6 62. Bd4 Kd5 63. Bg7 e3+ 64. Ke1 Ke4 0-1

[Event "Sparkassen-Open A"]
[Site "Heusenstamm, Martinsee"]
[Date "2024.11.22"]
[Round "3.57"]
[White "Stephanblome, Felix"]
[Black "Schramm, Luca"]
[Result "1-0"]
[WhiteElo "2041"]
[BlackElo "1892"]
[PlyCount "91"]
[EventDate "2024.11.21"]
[WhiteTeam "SV 1934 Ffm-Griesheim"]
[BlackTeam "SC Einrich e.V."]

1. d4 Nf6 2. c4 e6 3. Nc3 Bb4 4. Bd2 O-O 5. Nf3 b6 6. e3 Bb7 7. Bd3 d5 8. O-O Be7 9. Qc2 c5 10. cxd5 exd5 11. b3 Nc6 12. Ne2 Rc8 13. Qb2 Ne4 14. Nc3 Nxd2 15. Qxd2 Bf6 16. Rac1 g6 17. dxc5 bxc5 18. Na4 Ne5 19. Nxc5 Nxf3+ 20. gxf3 Ba8 21. Rfd1 Be5 22. f4 Bd6 23. Na4 Qh4 24. Be2 Rxc1 25. Rxc1 g5 26. Qd4 f6 27. Bf3 Kh8 28. Bxd5 gxf4 29. Bxa8 Rxa8 30. Qxd6 fxe3 31. fxe3 Rg8+ 32. Kf1 Qh3+ 33. Ke2 Rg2+ 34. Kd3 Qf5+ 35. Kc3 Qa5+ 36. Qb4 Qe5+ 37. Qd4 Qa5+ 38. Kc4 Qc7+ 39. Nc5 Qb6 40. Qd5 Rg4+ 41. e4 a5 42. a3 Rg5 43. Qa8+ Rg8 44. Qa6 Qd8 45. Rf1 Rg6 46. Qe6 1-0

[Event "Sparkassen-Open A"]
[Site "Heusenstamm, Martinsee"]
[Date "2024.11.22"]
[Round "3.58"]
[White "Capelja, Christian"]
[Black "Heyartz, Wolfgang"]
[Result "1-0"]
[WhiteElo "2023"]
[BlackElo "1890"]
[PlyCount "77"]
[EventDate "2024.11.21"]
[WhiteTeam "SpVgg Rommelshausen"]
[BlackTeam "SU Ebersberg-Grafing"]

1. d4 d5 2. c4 e6 3. Nf3 Nf6 4. g3 Bb4+ 5. Bd2 Bd6 6. Bg2 c6 7. Nc3 Nbd7 8. b3 O-O 9. O-O Rb8 10. Qc2 Re8 11. Rad1 b5 12. c5 Bc7 13. Ne1 b4 14. Na4 Ba6 15. Nd3 Bxd3 16. Qxd3 Rb5 17. f4 Nf8 18. h3 h5 19. Bf3 Ng6 20. e3 Ne7 21. g4 hxg4 22. hxg4 g6 23. Kg2 Kg7 24. Rh1 Rh8 25. Rxh8 Qxh8 26. Rh1 Qc8 27. Be1 Rb8 28. Bh4 Nfg8 29. Qd2 f5 30. g5 Kf7 31. Be1 Ke8 32. Be2 Kd7 33. Rh7 Qf8 34. Ba6 Kd8 35. Qf2 Kd7 36. Bd2 Qd8 37. Qe1 Ba5 38. Nb2 Ke8 39. Nd3 1-0

[Event "Sparkassen-Open A"]
[Site "Heusenstamm, Martinsee"]
[Date "2024.11.22"]
[Round "3.59"]
[White "Will, Jonas"]
[Black "Marcziter, Alex"]
[Result "0-1"]
[WhiteElo "1869"]
[BlackElo "1988"]
[PlyCount "70"]
[EventDate "2024.11.21"]
[WhiteTeam "SV Schott Jena"]
[BlackTeam "Schachgemeinschaft Porz e. V."]

1. e4 e5 2. Nc3 Nf6 3. f4 d5 4. fxe5 Nxe4 5. Nf3 Be7 6. Bd3 f5 7. exf6 Nxf6 8. Bb5+ c6 9. Ba4 O-O 10. d4 Bg4 11. O-O Ne4 12. Bb3 Kh8 13. Qd3 Bf5 14. Ne5 Nd7 15. Nxe4 Nxe5 16. dxe5 Bxe4 17. Rxf8+ Qxf8 18. Qg3 Qf5 19. c3 Bc5+ 20. Be3 Bxe3+ 21. Qxe3 Qxe5 22. Rf1 Qd6 23. Rf7 Qg6 24. Qf2 h6 25. Rxb7 Re8 26. Qg3 Qf6 27. h3 Re5 28. Rf7 Qxf7 29. Qxe5 Qg6 30. g4 Kh7 31. Kh2 Bd3 32. Qe3 Be4 33. Bd1 h5 34. Kg3 Qd6+ 35. Qf4 h4+ 0-1

[Event "Sparkassen-Open A"]
[Site "Heusenstamm, Martinsee"]
[Date "2024.11.22"]
[Round "3.60"]
[White "Udelnov, Valentin"]
[Black "Ternes, Markus"]
[Result "1-0"]
[WhiteElo "1980"]
[BlackElo "1882"]
[PlyCount "81"]
[EventDate "2024.11.21"]
[WhiteTeam "SG Aufbau Elbe Magdeburg"]
[BlackTeam "SC Sulzbach-Rosenberg"]

1. e4 e5 2. Nf3 Nc6 3. Bc4 Nf6 4. d3 Bc5 5. c3 d6 6. O-O h6 7. Re1 O-O 8. h3 a5 9. Be3 Bxe3 10. Rxe3 Be6 11. Bb5 Ne7 12. d4 Ng6 13. Nbd2 c6 14. Bf1 Qc7 15. a4 Rad8 16. Re1 Rfe8 17. Qc2 Bc8 18. Rad1 d5 19. exd5 Nxd5 20. dxe5 Nxe5 21. Nxe5 Rxe5 22. Rxe5 Qxe5 23. Qe4 Qc7 24. Nc4 Nf6 25. Qe5 Qxe5 26. Rxd8+ Qe8 27. Rxe8+ Nxe8 28. Nxa5 Nd6 29. Nc4 Ne4 30. f3 Nc5 31. a5 Be6 32. Nd6 Kf8 33. Nxb7 Na4 34. a6 Ke7 35. c4 Nb6 36. a7 Bc8 37. c5 Na8 38. Nd6 Kd7 39. Nxc8 Kxc8 40. Ba6+ Kc7 41. Kf2 1-0

[Event "Sparkassen-Open A"]
[Site "Heusenstamm, Martinsee"]
[Date "2024.11.22"]
[Round "3.61"]
[White "Griesfeller, Sven"]
[Black "Vranckx, Oscar"]
[Result "1-0"]
[WhiteElo "1818"]
[BlackElo "2025"]
[PlyCount "59"]
[EventDate "2024.11.21"]
[WhiteTeam "Schachdrachen Büdingen-Wächtersb"]
[BlackTeam "Sfr.Mainz 1928"]

1. e4 c5 2. Nf3 Nc6 3. Bb5 e5 4. O-O Bd6 5. a4 Nge7 6. d3 O-O 7. Nc3 a6 8. Bc4 Kh8 9. Ng5 g6 10. Nxf7+ Rxf7 11. Bxf7 Qf8 12. Bc4 Nd4 13. Ne2 Ne6 14. Be3 Rb8 15. Qd2 Nf4 16. Nxf4 exf4 17. Qc3+ Qg7 18. Qxg7+ Kxg7 19. Bd2 Nc6 20. Bc3+ Nd4 21. Bxd4+ cxd4 22. c3 Be5 23. Rfc1 g5 24. Bd5 g4 25. cxd4 Bxd4 26. Rc4 Bxb2 27. Ra2 b5 28. Rxb2 bxc4 29. Rxb8 cxd3 30. Rxc8 1-0

[Event "Sparkassen-Open A"]
[Site "Heusenstamm, Martinsee"]
[Date "2024.11.22"]
[Round "3.62"]
[White "Leibbrand, Udo"]
[Black "Kessler, Georg"]
[Result "1-0"]
[WhiteElo "2024"]
[BlackElo "1876"]
[PlyCount "101"]
[EventDate "2024.11.21"]
[WhiteTeam "SC Pforzheim 1906"]
[BlackTeam "SC Sulzbach-Rosenberg"]

1. c4 Nf6 2. Nf3 e6 3. d4 d5 4. Nc3 Be7 5. Bg5 h6 6. Bh4 O-O 7. e3 b6 8. cxd5 Nxd5 9. Nxd5 exd5 10. Bxe7 Qxe7 11. Be2 Bb7 12. O-O Nd7 13. Rc1 c5 14. Qa4 Rfd8 15. dxc5 bxc5 16. Qa3 Qe6 17. Rfd1 d4 18. Rd2 dxe3 19. Qxe3 Qf6 20. Qc3 Qb6 21. Rcd1 Nf8 22. Rxd8 Rxd8 23. Rxd8 Qxd8 24. Qxc5 Bxf3 25. Bxf3 Qd2 26. Qc3 Qd6 27. g3 Ne6 28. a3 Ng5 29. h4 Nxf3+ 30. Qxf3 Qe5 31. Qa8+ Kh7 32. Qxa7 Qxb2 33. Qa8 f5 34. a4 Qd4 35. Kg2 h5 36. a5 f4 37. Qf3 fxg3 38. Qxh5+ Kg8 39. fxg3 Qd2+ 40. Kh3 Qd7+ 41. Qg4 Qb7 42. Qc4+ Kh8 43. a6 Qh1+ 44. Kg4 Qd1+ 45. Kf4 Qd2+ 46. Kf3 Qd1+ 47. Qe2 Qd5+ 48. Kf2 Qd4+ 49. Kg2 Qd5+ 50. Kh2 Qd7 51. Qf2 1-0

[Event "Sparkassen-Open A"]
[Site "Heusenstamm, Martinsee"]
[Date "2024.11.22"]
[Round "3.63"]
[White "Kuhn, Daniel"]
[Black "Klein, Deniz"]
[Result "1-0"]
[WhiteElo "2011"]
[BlackElo "1874"]
[PlyCount "57"]
[EventDate "2024.11.21"]
[WhiteTeam "SK Landau"]
[BlackTeam "SK Kaiserslautern 1905"]

1. e4 c5 2. Nc3 d6 3. f4 g6 4. Nf3 Bg7 5. Bb5+ Nc6 6. Bxc6+ bxc6 7. d3 Rb8 8. O-O e6 9. e5 d5 10. Na4 Bf8 11. c4 Nh6 12. b3 Nf5 13. Qc2 Nd4 14. Qf2 Ba6 15. Be3 Nxf3+ 16. Qxf3 Qa5 17. Qe2 Be7 18. Rac1 d4 19. Bd2 Qd8 20. Rce1 Bc8 21. Bc1 Rg8 22. g4 h5 23. gxh5 gxh5+ 24. Kh1 Rg4 25. Rg1 Rxg1+ 26. Rxg1 Kd7 27. Qxh5 Qf8 28. Qh7 Ba6 29. Rg7 1-0

[Event "Sparkassen-Open A"]
[Site "Heusenstamm, Martinsee"]
[Date "2024.11.22"]
[Round "3.64"]
[White "Derr, Oleg"]
[Black "Aravindan, Midhulan"]
[Result "1-0"]
[WhiteElo "2019"]
[BlackElo "1870"]
[PlyCount "87"]
[EventDate "2024.11.21"]
[WhiteTeam "VSG 1880 Offenbach"]
[BlackTeam "Schachgemeinschaft Porz e. V."]

1. e4 e6 2. d4 d5 3. Nc3 Nf6 4. Bg5 Be7 5. e5 Nfd7 6. Bxe7 Qxe7 7. f4 a6 8. Qg4 Qf8 9. Nf3 c5 10. dxc5 Nxc5 11. Nxd5 Kd8 12. Qh4+ Kd7 13. Nb6+ Kc6 14. Nxa8 b6 15. O-O-O Kb7 16. Nxb6 Kxb6 17. Qf2 Kc7 18. Rd4 Nc6 19. Rc4 Nd7 20. Nd4 Ndb8 21. Be2 Bb7 22. Bf3 Qc8 23. Nxc6 Nxc6 24. Rd1 Rd8 25. Rxd8 Kxd8 26. Bxc6 Bxc6 27. Qd2+ Kc7 28. Rxc6+ Kxc6 29. Qc3+ Kb7 30. Qxc8+ Kxc8 31. b4 Kc7 32. c4 Kc6 33. Kd2 f6 34. Kd3 f5 35. h4 h5 36. Kd4 Kb6 37. a4 Kc6 38. b5+ axb5 39. cxb5+ Kb6 40. Kc4 Ka5 41. Kc5 Kxa4 42. b6 Kb3 43. b7 Kc3 44. b8=Q 1-0

[Event "Sparkassen-Open A"]
[Site "Heusenstamm, Martinsee"]
[Date "2024.11.22"]
[Round "3.65"]
[White "Wambach, Jürgen"]
[Black "Werner, Tom"]
[Result "1/2-1/2"]
[WhiteElo "2015"]
[BlackElo "1872"]
[PlyCount "62"]
[EventDate "2024.11.21"]
[WhiteTeam "SK 1982 Klingenberg e.V."]
[BlackTeam "VSG 1880 Offenbach"]

1. c4 c5 2. g3 g6 3. Bg2 Bg7 4. Nc3 Nc6 5. Nf3 e5 6. d3 Nge7 7. O-O O-O 8. Ne1 d6 9. Nc2 Be6 10. Ne3 Qd7 11. Re1 a6 12. Ned5 Rab8 13. Rb1 b5 14. Bg5 f6 15. Bd2 bxc4 16. dxc4 f5 17. Bg5 h6 18. Bxe7 Nxe7 19. Nxe7+ Qxe7 20. Bd5 e4 21. Qd2 Kh7 22. Bxe6 Qxe6 23. Nd5 g5 24. e3 Be5 25. b3 h5 26. Qe2 Kh6 27. f4 exf3 28. Qxf3 Rf7 29. Re2 Qg6 30. Rf1 Rbf8 31. Rg2 Qe6 1/2-1/2

[Event "Sparkassen-Open A"]
[Site "Heusenstamm, Martinsee"]
[Date "2024.11.22"]
[Round "3.66"]
[White "von Auer, Ulrich"]
[Black "Alt, Johannes"]
[Result "0-1"]
[WhiteElo "2007"]
[BlackElo "1856"]
[PlyCount "76"]
[EventDate "2024.11.21"]
[WhiteTeam "SV Oberursel"]
[BlackTeam "Sfr.Heidesheim"]

1. d4 Nf6 2. c4 g6 3. Nc3 Bg7 4. e4 d6 5. Nf3 O-O 6. Be2 Nbd7 7. O-O e5 8. Re1 c6 9. Rb1 Ne8 10. Bf1 Qe7 11. b4 f5 12. exf5 gxf5 13. dxe5 dxe5 14. c5 e4 15. Qb3+ Kh8 16. Ng5 Ne5 17. Nh3 Be6 18. Qc2 Nc7 19. Nf4 Rad8 20. Be3 Bg8 21. Rbd1 Ne6 22. Nxe6 Qxe6 23. Bf4 Qg6 24. Kh1 Qg4 25. Qc1 a6 26. Rxd8 Rxd8 27. f3 Nxf3 28. Be2 Rd4 29. Rg1 Qh4 30. gxf3 exf3 31. Bg5 Qh5 32. Bf1 Be5 33. h3 f2 34. Bf6+ Bxf6 35. Rg3 Rg4 36. Be2 Qh4 37. Bxg4 Qxg3 38. Ne2 Bd5+ 0-1

[Event "Sparkassen-Open A"]
[Site "Heusenstamm, Martinsee"]
[Date "2024.11.22"]
[Round "3.67"]
[White "Vihan, Shourya"]
[Black "Kirchmann, Sascha"]
[Result "1/2-1/2"]
[WhiteElo "2007"]
[BlackElo "1850"]
[PlyCount "72"]
[EventDate "2024.11.21"]
[WhiteTeam "SV 1920 Hofheim"]
[BlackTeam "SAbt SU Mühlheim"]

1. d4 d5 2. c4 e6 3. Nc3 Nf6 4. cxd5 exd5 5. Bg5 Be7 6. e3 c6 7. Bd3 Nbd7 8. Nge2 O-O 9. Qc2 Re8 10. O-O Nf8 11. Rab1 a5 12. a3 Be6 13. Rfe1 Qc7 14. b4 Rec8 15. Rec1 axb4 16. axb4 Qd8 17. b5 c5 18. dxc5 Rxc5 19. Nd4 Rac8 20. Qb2 h6 21. Bf4 Bd6 22. Nce2 Bxf4 23. Nxf4 Qb6 24. Nb3 R5c7 25. Rxc7 Rxc7 26. Rc1 N8d7 27. Qa3 Nf8 28. Rxc7 Qxc7 29. Qc5 Qxc5 30. Nxc5 b6 31. Na4 N8d7 32. Bb1 Kf8 33. Kf1 g5 34. Ne2 Ne4 35. Bxe4 dxe4 36. f3 exf3 1/2-1/2

[Event "Sparkassen-Open A"]
[Site "Heusenstamm, Martinsee"]
[Date "2024.11.22"]
[Round "3.68"]
[White "Lenz, Joshua"]
[Black "Falkenhainer, Sven"]
[Result "1/2-1/2"]
[WhiteElo "2006"]
[BlackElo "1830"]
[PlyCount "96"]
[EventDate "2024.11.21"]
[WhiteTeam "TSV Schott Mainz"]
[BlackTeam "SC Bergen-Enkheim 1922"]

1. e4 e6 2. d4 d5 3. e5 c5 4. c3 Nc6 5. Nf3 Bd7 6. Bd3 cxd4 7. O-O h6 8. Nbd2 Nge7 9. cxd4 Ng6 10. Bxg6 fxg6 11. Qc2 Kf7 12. Nb3 Be7 13. Bd2 Rc8 14. Qd3 Rf8 15. Rac1 Nb4 16. Qb1 Bb5 17. Rxc8 Qxc8 18. Rc1 Qd7 19. Bxb4 Bxb4 20. a3 Bc4 21. Nbd2 Bxd2 22. Nxd2 Ba6 23. b4 Bb5 24. h3 Rc8 25. Nb3 Rxc1+ 26. Qxc1 b6 27. Nd2 Qc6 28. Qxc6 Bxc6 29. Kf1 Bb5+ 30. Ke1 g5 31. Nb1 Kg6 32. Nc3 Bc4 33. g4 Kf7 34. f3 g6 35. Kf2 Ke7 36. Kg3 Kf7 37. h4 gxh4+ 38. Kxh4 g5+ 39. Kg3 Kg6 40. Nd1 Bd3 41. Ne3 Bb1 42. f4 gxf4+ 43. Kxf4 Be4 44. Nf1 Bd3 45. Ng3 Bc2 46. Nh5 a5 47. Nf6 axb4 48. axb4 Ba4 1/2-1/2

[Event "Sparkassen-Open A"]
[Site "Heusenstamm, Martinsee"]
[Date "2024.11.22"]
[Round "3.69"]
[White "Feick, Claas Marten"]
[Black "Schwarz, David"]
[Result "0-1"]
[WhiteElo "1809"]
[BlackElo "1948"]
[PlyCount "107"]
[EventDate "2024.11.21"]
[WhiteTeam "SF Neuberg"]
[BlackTeam "SF Birkenfeld"]

1. e4 c6 2. Nf3 d5 3. d3 Bg4 4. Nbd2 e5 5. h3 Bxf3 6. Qxf3 Be7 7. b3 Nf6 8. Bb2 Nbd7 9. g3 O-O 10. Bg2 a5 11. a4 Bb4 12. c3 Bd6 13. Qe2 Qb6 14. O-O Rfe8 15. Rfb1 Qc7 16. Ba3 Bxa3 17. Rxa3 Qd6 18. Raa1 Qc5 19. Rc1 d4 20. cxd4 Qxd4 21. Nf3 Qb4 22. Qc2 Nb8 23. Qb2 Nfd7 24. d4 Na6 25. Rc4 Qe7 26. Nxe5 Nxe5 27. dxe5 Rad8 28. f4 Nb4 29. Rf1 Rd7 30. Qe2 Red8 31. Qg4 Rd3 32. Rf3 Qd7 33. e6 Qxe6 34. Rxd3 Rxd3 35. Qg5 b6 36. f5 Qe5 37. Kh2 f6 38. Qh5 Rxg3 39. Kg1 Rxb3 40. Qd1 Rd3 41. Qe2 Qd6 42. Rc1 Rd2 43. Qh5 Qe5 44. Re1 Nd3 45. Rf1 c5 46. Qf3 Qd4+ 47. Kh2 Ne5 48. Qb3+ c4 49. Qb5 h6 50. Kg3 Qe3+ 51. Bf3 Kh7 52. Qb1 Qg5+ 53. Bg4 h5 54. Qe1 0-1

[Event "Sparkassen-Open A"]
[Site "Heusenstamm, Martinsee"]
[Date "2024.11.22"]
[Round "3.70"]
[White "Himmelspacht, Maxim"]
[Black "Neurohr, Jürgen"]
[Result "0-1"]
[WhiteElo "1802"]
[BlackElo "1999"]
[PlyCount "90"]
[EventDate "2024.11.21"]
[WhiteTeam "SK 1858 Gießen"]
[BlackTeam "Sfr.Mainz 1928"]

1. e4 e6 2. d4 d5 3. exd5 exd5 4. Bd3 c5 5. Nf3 Nf6 6. O-O c4 7. Re1+ Be7 8. Be2 O-O 9. b3 cxb3 10. axb3 Nc6 11. Bb2 Bb4 12. Bc3 Bf5 13. Ne5 Bxc3 14. Nxc6 Qd6 15. Ne7+ Qxe7 16. Nxc3 Qc7 17. Bd3 Qxc3 18. Bxf5 Rfe8 19. Kf1 Rxe1+ 20. Qxe1 Qxd4 21. Rd1 Qf4 22. Bd3 Qxh2 23. f3 Qh1+ 24. Kf2 Qxe1+ 25. Rxe1 Kf8 26. g4 h6 27. c4 dxc4 28. Bxc4 a6 29. Rd1 b5 30. Be2 Re8 31. Rd2 Re6 32. Bd1 Ke7 33. Bc2 g6 34. Kg3 Rd6 35. Re2+ Kd7 36. Rh2 h5 37. Re2 hxg4 38. fxg4 Rd4 39. Rf2 Ke7 40. Re2+ Kf8 41. Rf2 Nxg4 42. Rf4 Rxf4 43. Kxf4 f5 44. Bd1 a5 45. b4 axb4 0-1

[Event "Sparkassen-Open A"]
[Site "Heusenstamm, Martinsee"]
[Date "2024.11.22"]
[Round "3.71"]
[White "Zargaran, Sepas"]
[Black "Kürschner, Matthias"]
[Result "1-0"]
[WhiteElo "1777"]
[BlackElo "1984"]
[PlyCount "71"]
[EventDate "2024.11.21"]
[WhiteTeam "VSG 1880 Offenbach"]
[BlackTeam "SK Langen"]

1. e4 c6 2. d4 d5 3. e5 Bf5 4. Nc3 e6 5. g4 Bg6 6. h4 h5 7. Bd3 Bxd3 8. Qxd3 hxg4 9. Qg3 Nh6 10. Bxh6 Rxh6 11. Qxg4 Nd7 12. Nf3 c5 13. O-O-O cxd4 14. Rxd4 Qb6 15. Rhd1 O-O-O 16. Nxd5 exd5 17. Rxd5 Rg6 18. Ng5 Rxg5 19. hxg5 Qe6 20. Qd4 Be7 21. Rd3 b6 22. f4 g6 23. b4 Bf8 24. a4 Qe8 25. a5 Be7 26. Qe4 Kc7 27. a6 Rb8 28. Rxd7+ Qxd7 29. Rxd7+ Kxd7 30. Qd5+ Ke8 31. Qb7 Rd8 32. Qxa7 Bxb4 33. Qxb6 Bd2+ 34. Kb1 Bxf4 35. Qxd8+ Kxd8 36. a7 1-0

[Event "Sparkassen-Open A"]
[Site "Heusenstamm, Martinsee"]
[Date "2024.11.22"]
[Round "3.72"]
[White "Buchholz, Maja Patricia"]
[Black "Spelleken, Hans-Gerd"]
[Result "1-0"]
[WhiteElo "1972"]
[BlackElo "1806"]
[PlyCount "95"]
[EventDate "2024.11.21"]
[WhiteTeam "Wiesbadener SV 1885"]
[BlackTeam "SC Somborn 1933"]

1. c4 e5 2. g3 Nf6 3. Bg2 Bc5 4. Nc3 O-O 5. Nf3 e4 6. Ng1 Re8 7. a3 a5 8. Nh3 h6 9. Rb1 d5 10. cxd5 Nxd5 11. O-O Nc6 12. Nxd5 Qxd5 13. Nf4 Qa2 14. Qc2 f5 15. d3 b6 16. Be3 Nd4 17. Bxd4 Bxd4 18. dxe4 Bb7 19. exf5 Bxg2 20. Kxg2 Be5 21. Ng6 Bd6 22. e4 Qf7 23. f4 Bc5 24. Rbd1 Rad8 25. g4 Qf6 26. Kg3 Rxd1 27. Rxd1 Qc6 28. Ne5 Qb5 29. h4 a4 30. Kf3 Kh7 31. Rd3 Bd6 32. Nc6 Bc5 33. Na7 Qa6 34. Nc6 Qb7 35. Ne5 Bd6 36. Qxa4 b5 37. Qd4 Be7 38. Qd7 Qa8 39. h5 Bf6 40. Qxb5 Bh4 41. Nc6 Rxe4 42. Kxe4 Qe8+ 43. Kd4 Qd7+ 44. Kc5 Bf2+ 45. Kb4 Be1+ 46. Ka4 Qe8 47. Qd5 Qe2 48. Kb3 1-0

[Event "Sparkassen-Open A"]
[Site "Heusenstamm, Martinsee"]
[Date "2024.11.22"]
[Round "3.73"]
[White "Noll, Raphael"]
[Black "Tornay Gomez, Josu"]
[Result "0-1"]
[WhiteElo "1748"]
[BlackElo "1993"]
[PlyCount "92"]
[EventDate "2024.11.21"]
[WhiteTeam "SK Marburg 1931/72"]
[BlackTeam "SJ Herborn 1998"]

1. e4 e5 2. Nf3 Nc6 3. d4 exd4 4. Nxd4 Bb4+ 5. c3 Bc5 6. Be3 Bb6 7. Nd2 Nf6 8. Bc4 O-O 9. O-O Re8 10. f3 d5 11. Bb3 Ne5 12. Nc2 c5 13. exd5 Nxd5 14. Bf2 Nf4 15. Nc4 Qg5 16. Bg3 Ned3 17. Kh1 Bc7 18. Bxf4 Nxf4 19. N4e3 Be6 20. Bxe6 Rxe6 21. Rf2 Rae8 22. Nc4 b5 23. N4a3 a6 24. b4 c4 25. Qd2 Rf8 26. Nd4 Rh6 27. g3 Qxg3 28. Rg1 Qh3 29. Nac2 Nd3 30. Rfg2 Rg6 31. Ne3 Bf4 32. Rxg6 hxg6 33. Rg2 Re8 34. Ndc2 Qxf3 35. Qe2 Qe4 36. Kg1 Bxe3+ 37. Nxe3 Qxe3+ 38. Qxe3 Rxe3 39. Rg3 Rxg3+ 40. hxg3 Nc1 41. a3 Ne2+ 42. Kf2 Nxc3 43. Ke3 Nd5+ 44. Kd4 c3 45. Kd3 f5 46. Kc2 g5 0-1